Quizzes
Events
Quiz Creation
Community
Videos
Private Events
Remove Ads
Sign In
Join for FREE
Feedback
Dark Mode
Quiz Categories
Sports
Geography
Music
Movies
Television
Just For Fun
Miscellaneous
History
Literature
Language
Science
Gaming
Entertainment
Religion
Holiday
For Kids
Quiz Lab
Recent
Popular Today
Quiz Kudos Today
Editor Picks
Curator Picks
Quizzes by...
Day
Popularity
Type
Ratings
Length
Year
Community
Subscriptions
Recent Discussions
Orange Saloon
Badges
Playlists
Quests
Create
Leaderboards
Showdown
Live 5
Trivia Bingo
Activity
Puzzle Library
Sporcle Events
Private Events
Virtual Trivia
Globe League
Become a Host
Pub Owners
SporcleCon
Opinionation
Our Games
Videos
Blog
Mobile Apps
Partnerships
Remove Ads and Go Orange
Feedback
Sports
Athletes
MLB
NBA
NHL
NFL
Soccer
Sports Teams
WWE
NCAA
Football
Premier League
Basketball
Baseball
Hockey
Golf
Tennis
Cricket
Rugby
Auto Racing
Olympics
World Cup
Sports
Athletes
MLB
NBA
NHL
NFL
Soccer
Sports Teams
WWE
NCAA
Football
Premier League
Basketball
Baseball
Hockey
Golf
Tennis
Cricket
Rugby
Auto Racing
Olympics
World Cup
Random Quiz
Search Sporcle
×
Quiz Lab
Quiz Lab
Sports
Top 100
Type in answers that appear in a list
Type in answers that appear in a list
Classic
Best Score? Go Orange.
Top 100 Serie A goalscorers Stats
Can you name the Top 100 Serie A goalscorers?
By
Jimbags
20m
100 Questions
480 Plays
480 Plays
480 Plays
Comments
Comments
Give Quiz Kudos
Give Quiz Kudos
-
- Ratings
hide this ad
Replay
Link that replays current quiz
Next Quiz
Link to next quiz in quiz playlist
You Got
0%
They Got
Avg Score
28%
Avg Friend Score
Upgrade to see
Score Distribution
Jump to the score distribution portion of the page
Score
0/100
Timer
20:00
0
Plays Today
% Correct
Francesco Totti
93.1%
Alessandro Del Piero
92.3%
Filippo Inzaghi
87.7%
Christian Vieri
82.4%
Roberto Baggio
78.5%
Antonio Di Natale
78.2%
Andrij Shevchenko
76.4%
Gabriel Batistuta
75.5%
Zlatan Ibrahimovic
74.7%
David Trézéguet
72.6%
Luca Toni
72%
Hernán Crespo
70.5%
Alberto Gilardino
65.7%
Marco Van Basten
64%
Gianluca Vialli
63.2%
Giuseppe Meazza
61.3%
Vincenzo Montella
60.7%
Gigi Riva
59.4%
Roberto Mancini
59.4%
Giuseppe Signori
57.5%
Silvio Piola
52.3%
Gunnar Nordahl
50%
Marco Di Vaio
49.6%
Gianni Rivera
49.4%
Antonio Cassano
48.7%
Enrico Chiesa
48.5%
Gianfranco Zola
46.4%
Edinson Cavani
46.2%
Oliver Bierhoff
44.6%
Sandro Mazzola
41.6%
Valentino Mazzola
41.6%
Cristiano Lucarelli
40.4%
Vincenzo Iaquinta
40.2%
Alessandro Altobelli
39.1%
% Correct
José Altafini
35.1%
Abel Balbo
34.7%
Roberto Bettega
34.1%
Omar Sivori
33.7%
Adrian Mutu
31%
Roberto Boninsegna
30.8%
Fabrizio Miccoli
30.5%
Francesco Graziani
28.9%
Nicola Amoruso
28%
Tommaso Rocchi
28%
Gianpiero Boniperti
27.8%
John Charles
25.1%
Roberto Pruzzo
23.6%
Aldo Serena
21.8%
Oliviero Conti
21.1%
Kurt Hamrin
19.7%
Ruben Sosa
19.2%
Paolo Pulici
17.8%
Pietro Paolo Virdis
16.5%
Roberto Muzzi
16.3%
Giovanni Ferrari
15.7%
Pierino Prati
14.6%
Bruno Giordano
13.2%
Pietro Anastasi
11.9%
Istvan Nyers
10%
Felice Placido Borel
9.6%
Amedeo Amadei
8.8%
Giuseppe Savoldi
8.8%
John Hansen
8.8%
Antonio Valentin Angelillo
8.4%
Pietro Ferraris
7.9%
Angelo Domenghini
7.9%
Angelo Schiavio
7.7%
Benito Lorenzi
6.3%
% Correct
Angelo Sormani
6.3%
Guglielmo Gabetto
5.9%
Aldo Boffi
5.4%
Luis Vinicio
4.6%
Harald Nielsen
4.6%
Eddie Firmani
4.4%
Carlo Galli
4%
Sergio Brighenti
3.6%
Ettore Puricelli
3.3%
Ezio Pascutti
3.1%
Riccardo Carapellese
2.9%
Giuseppe Baldini
2.9%
Dino Da Costa
2.9%
Carlo Reguzzoni
2.7%
Antonio Vojak
2.7%
Gino Cappello
2.7%
Adriano Bassetto
2.1%
Gino Pivatelli
2.1%
Lorenzo Bettini
2.1%
Gino Armano
2.1%
Ermes Muccinelli
1.9%
Renzo Burini
1.7%
Sergio Clerici
1.5%
Mario Maraschi
1.3%
Bruno Maini
1%
Cesarino Cervellati
1%
Giancarlo Vitali
1%
Beniamino Di Giacomo
0.8%
Giancarlo Bacci
0.8%
Memo Trevisan
0.8%
Giancarlo Danova
0.6%
Gino Rossetti.Rossetti
0.2%
Quiz Playlist
Details
Report
Send in Message
Add To Playlist
Classic:
Type in answers that appear in a list
Last Updated: Feb 16, 2017
Quiz Scoreboard
CHALLENGE
Sign Up to Join the Scoreboard
Show All
Scores
Hide
Comments
May contain spoilers
Recently Published
An Introduction to Baseball
by treessimontrees
Sports
5m
Movies - When Are They Set?
by FPL_Elf
Movies
5m
Popular People in 1961
by mucciniale
History
6m
More to Explore
Quiz From the Vault
Featured Blog Post
Where Did the Easter Bunny Come From?
hide this ad
You Might Also Like...
Tags
100
Goal Scorers
Serie
Top 100
Today's Top Quizzes in Sports
Browse Sports
hide this ad
Today's Top Quizzes in Top 100
Browse Top 100
Top Contributed Quizzes in Sports
1
Les meilleurs buteurs des matchs entre le PSG et l’OM
2
2022 World Cup Stars
3
FIFA Club World Cup Champions
4
Les entraîneurs de l'OM et du PSG au 21e siècle
5
Name the Premier League winners with different clubs
6
La finale Lions - Afrique du Sud 2021
7
Les joueurs passés par le LOSC et le RC Lens
8
Criteria MLB: Left Handed Sluggers
9
Players with Multiple 50 Home Run Seasons
10
5-to-1: UK Sports Teams
Explore More
Trending Topics
Anime
Kpop
NBA
Crossword
Harry Potter
Disney
Marvel
Country
WWE
The Office
NFL
Pokémon
Soccer
Puzzle
Song
hide this ad
More By:
Jimbags
Quiz
Plays
Rating
Category
Featured
Created
Juventus Ballon d'or nominees
1,450
5.00
Sports
Jun 7, 2012
50 Juventus legends
1,319
5.00
Sports
Jun 6, 2012
Real Madrid Ballon d'or nominees
687
3.80
Sports
Jun 9, 2012
European Championship runners up XI
554
4.50
Sports
Jul 7, 2012
Top 100 Serie A goalscorers
480
4.67
Sports
Jun 7, 2012
Go to Creator's Profile
Score Distribution
Quiz Creator Spotlight
Jimbags
Follow
Send a Message
Quizzes Created
-
Created Quiz Play Count
-
More By This Creator
Popular Quizzes Today
1
Find the Countries of Europe - No Outlines Minefield
2
Find the US States - No Outlines Minefield
3
The Countries of the World
4
Popular People in 1961
5
US States
6
Find the US States
7
1-10 Letter E Words III
8
Risky Map Clicking: Biggest States A-Z
More Sports Quizzes
2021 NFL Passing Yards Leaders Image Minefield
Curator's Pick
Trending Quizzes
Risky Map Clicking: Least Populous States A-Z
1-10 Letter F Words
1-10 Letter G Words
One Thing in Common: United Kingdom
Not Quite an Element Typing Challenge
Recently Updated
Leaping Animals
pecheneg
Reality TV Shows (A-Z)
bhenderson79
Rickey Henderson's Hall of Fame Teammates
pecheneg
Champions League XIs: Arsenal
pecheneg
Quick Pick: Celebrities in WWE's Hall of Fame
aduchscher
A-Z Keypad Blitz II
pecheneg
Multiple Oscar Actors
pecheneg
Mystery Phrase Blitz: Oscar 'Best Actors'
pecheneg
F. Scott Fitzgerald Novels
LTH
Pick 3 Villains
ddd62291
Trending Topics
Harry Potter
Kpop
Crossword
NBA
Anime
Marvel
Disney
Pokémon
NFL
WWE
Puzzle
Soccer
Country
The Office
Song
Your Account Isn't Verified!
In order to create a playlist on Sporcle, you need to verify the email address you used during registration. Go to your
Sporcle Settings
to finish the process.
Report this User
Report this user for behavior that violates our
Community Guidelines
.
Details:
Send Report
Go to the Sporcle.com Mobile Site →
Comments